000 00675nam a22002417a 4500
005 20170124105912.0
010 _aA-709827
020 _a8170000459
_c175.00
035 _aA-709827
037 _bCen Lib/Ret
040 _aDPL
_bEN
082 _a220.21
_bMIS
100 _aMisra, Janardan
_9270
245 _aVeda and bharat /
_cby Janardan Misra
246 _b
260 _bEss Ess Publications
_c1988
_aNew Delhi
270 _a4837/24, Ansari Road, Dariya Ganj
_bNew Delhi
_e110002
300 _a247p.
_c21cm(Hb)
500 _aincludes index
650 _aHindu Religions
_9105586
650 _aVedas
_9105587
942 _2ddc
_cEN
_h220.21
_mMIS
999 _c122540
_d122540